[Event "SWE-chT 1920 Superettan"]
[Site "Sweden"]
[Date "2020.10.17"]
[Round "8"]
[White "Ostling, Hakan"]
[Black "Faldt, Magnus"]
[Result "1/2-1/2"]
[WhiteElo "2143"]
[BlackElo "2146"]
[PlyCount "49"]
[EventDate "2019.10.18"]
[EventType "team-tourn"]
[EventRounds "9"]
[EventCountry "SWE"]
[SourceTitle "EXT 2023"]
[Source "ChessBase"]
[SourceDate "2022.10.05"]
[SourceVersion "1"]
[SourceVersionDate "2022.10.05"]
[SourceQuality "1"]
[WhiteTeam "Kristallen"]
[BlackTeam "Norrkoping Schack 08"]
[WhiteTeamCountry "SWE"]
[BlackTeamCountry "SWE"]

1. d4 d5 2. Nf3 Nf6 3. Bf4 c5 4. e3 Nc6 5. c3 Qb6 6. Qb3 c4 7. Qxb6 axb6 8. Nbd2 Bf5 9. h3 h6 10. g4 Bg6 11. Bg2 e6 12. 0-0 Be7 13. Rfe1 b5 14. a3 0-0 15. Ne5 Bh7 16. Bg3 Rfd8 17. Bh4 Re8 18. Bxf6 gxf6 19. Nxc6 bxc6 20. e4 Bd6 21. Nf1 Bg6 22. Ng3 Bf4 23. Ne2 Bd6 24. Ng3 Bf4 25. Ne2 1/2-1/2

[Event "SWE-chT 1920 Superettan"]
[Site "Sweden"]
[Date "2019.10.18"]
[Round "1"]
[White "Borvander, Tom"]
[Black "Ostling, Hakan"]
[Result "0-1"]
[WhiteElo "2096"]
[BlackElo "2143"]
[PlyCount "108"]
[EventDate "2019.10.18"]
[EventType "team-tourn"]
[EventRounds "9"]
[EventCountry "SWE"]
[SourceTitle "EXT 2023"]
[Source "ChessBase"]
[SourceDate "2022.10.05"]
[SourceVersion "1"]
[SourceVersionDate "2022.10.05"]
[SourceQuality "1"]
[WhiteTeam "Kamraterna"]
[BlackTeam "Kristallen"]
[WhiteTeamCountry "SWE"]
[BlackTeamCountry "SWE"]

1. d4 f5 2. g3 Nf6 3. Bg2 g6 4. c4 Bg7 5. Nc3 0-0 6. Nf3 d6 7. 0-0 Qe8 8. Nd5 Nxd5 9. cxd5 Nd7 10. a4 h6 11. Ra3 Nb6 12. Ne1 Qf7 13. Rc3 Nxd5 14. Bxd5 Qxd5 15. Rxc7 f4 16. Nf3 Bh3 17. Re1 Rf7 18. Qd3 g5 19. Qc4 Qe4 20. d5 Qf5 21. Qc2 Qxd5 22. Rd1 Qe6 23. Qc4 Qxc4 24. Rxc4 Raf8 25. gxf4 gxf4 26. Rc7 Kh7 27. Kh1 Bc8 28. Ne1 Be5 29. Nf3 Bh8 30. Rg1 e5 31. Rxf7+ Rxf7 32. Rd1 e4 33. Nd4 a6 34. f3 e3 35. b3 Be5 36. Bb2 Rc7 37. h4 Kg6 38. Ba1 Kh5 39. b4 Kxh4 40. b5 Rc4 41. bxa6 bxa6 42. a5 Kh3 43. Nb3 Bxa1 44. Rxa1 Rc2 45. Re1 Bb7 46. Nc1 Rd2 47. Kg1 Bd5 48. Nd3 Rxd3 49. exd3 Bxf3 50. Kf1 Kg3 51. Rb1 Bg4 52. d4 f3 53. Rb3 Kf4 54. d5 Bh3+ 0-1

[Event "SWE-chT 1718 Superettan"]
[Site "Sweden"]
[Date "2018.03.16"]
[Round "7"]
[White "Neretljak, Nedzad"]
[Black "Ostling, Hakan"]
[Result "0-1"]
[WhiteElo "2070"]
[BlackElo "2145"]
[PlyCount "98"]
[EventDate "2017.10.20"]
[EventType "team-tourn"]
[EventRounds "9"]
[EventCountry "SWE"]
[SourceTitle "EXT 2019"]
[Source "ChessBase"]
[SourceDate "2018.10.10"]
[SourceVersion "1"]
[SourceVersionDate "2018.10.10"]
[SourceQuality "1"]
[WhiteTeam "Vaxjo"]
[BlackTeam "Kristallens"]
[WhiteTeamCountry "SWE"]
[BlackTeamCountry "SWE"]

1. e4 g6 2. d4 Bg7 3. Nc3 c6 4. Nf3 d5 5. e5 Bg4 6. h3 Bxf3 7. Qxf3 Qb6 8. Qd3 Nd7 9. Bd2 f6 10. f4 Nh6 11. g4 fxe5 12. fxe5 e6 13. 0-0-0 0-0 14. Ne2 c5 15. c3 Rac8 16. Kb1 Nf7 17. Be3 Ndxe5 18. dxe5 Nxe5 19. Qc2 Nc4 20. Qc1 Rf3 21. Bd2 d4 22. Ka1 Rf2 23. Be1 Bh6 24. Qb1 Rf3 25. Bg2 Re3 26. Nc1 Bg7 27. Rd3 Rd8 28. Rxe3 Nxe3 29. Be4 Qc7 30. a3 Qe5 31. cxd4 Rxd4 32. Bc2 Qd6 33. Bc3 Rc4 34. Bb3 Rxc3 35. bxc3 Bxc3+ 36. Ka2 Qd2+ 37. Bc2 Nxc2 38. Kb3 Na1+ 39. Ka4 Qd4+ 40. Kb5 Qd7+ 41. Kc4 Qd4+ 42. Kb5 a6+ 43. Kb6 c4+ 44. Kxb7 Qd5+ 45. Kc8 Qc6+ 46. Kb8 Qxh1 47. Qb6 Be5+ 48. Ka7 Qd5 49. Na2 Bd4 0-1

[Event "SWE-chT 1718 Superettan"]
[Site "Sweden"]
[Date "2018.01.14"]
[Round "5"]
[White "Ostling, Hakan"]
[Black "Moreau, Teodor"]
[Result "1-0"]
[WhiteElo "2145"]
[BlackElo "2316"]
[PlyCount "97"]
[EventDate "2017.10.20"]
[EventType "team-tourn"]
[EventRounds "9"]
[EventCountry "SWE"]
[SourceTitle "EXT 2019"]
[Source "ChessBase"]
[SourceDate "2018.10.10"]
[SourceVersion "1"]
[SourceVersionDate "2018.10.10"]
[SourceQuality "1"]
[WhiteTeam "Kristallens"]
[BlackTeam "Wasa"]
[WhiteTeamCountry "SWE"]
[BlackTeamCountry "SWE"]

1. f4 d5 2. Nf3 g6 3. g3 Bg7 4. Bg2 Nf6 5. 0-0 c5 6. d3 Nc6 7. Nc3 e6 8. e4 Ne7 9. e5 Nd7 10. Nb5 0-0 11. Nd6 Nf5 12. Nxc8 Rxc8 13. g4 Nh4 14. Nxh4 Qxh4 15. c4 Rcd8 16. Qe2 Qe7 17. g5 Nb8 18. Be3 Nc6 19. Qf2 d4 20. Bd2 h5 21. Rfb1 Qc7 22. a3 a5 23. b4 axb4 24. axb4 cxb4 25. Bxb4 Nxb4 26. Rxb4 b6 27. Rab1 Rb8 28. Qb2 Rfc8 29. Rxb6 Rxb6 30. Qxb6 Qe7 31. Ra1 Rc7 32. Ra8+ Bf8 33. Qd6 Kg7 34. Rd8 Rc5 35. Qb8 Ra5 36. Qd6 Ra1+ 37. Kf2 Rc1 38. Rd7 Qe8 39. Qc7 Bb4 40. Bc6 Rc2+ 41. Kg3 Qf8 42. Bd5 Be1+ 43. Kh3 Rf2 44. Bxe6 Rxf4 45. Bd5 Bh4 46. e6 Bxg5 47. Qe5+ Kh6 48. e7 Qc8 49. e8Q 1-0

[Event "Liberec op 14th"]
[Site "Liberec"]
[Date "2013.10.31"]
[Round "7"]
[White "Kovar, Vojtech"]
[Black "Ostling, Hakan"]
[Result "1-0"]
[WhiteElo "2312"]
[BlackElo "2203"]
[PlyCount "49"]
[EventDate "2013.10.26"]
[EventType "swiss"]
[EventRounds "9"]
[EventCountry "CZE"]
[SourceTitle "EXT 2014"]
[Source "ChessBase"]
[SourceDate "2013.11.20"]
[SourceVersion "1"]
[SourceVersionDate "2013.11.20"]
[SourceQuality "1"]

1. e4 g6 2. d4 Bg7 3. Nc3 c6 4. Be3 d5 5. Qd2 Nf6 6. e5 Ng4 7. Bf4 h5 8. h3 Nh6 9. Nf3 b6 10. Bd3 e6 11. Bg5 Qd7 12. h4 Ng8 13. 0-0-0 Ba6 14. Ne2 Bxd3 15. Qxd3 Qb7 16. Nf4 Ne7 17. Bf6 Bxf6 18. exf6 Nc8 19. Ne5 Nd6 20. Rhe1 Ne4 21. Rxe4 dxe4 22. Qxe4 Nd7 23. Nxf7 Nxf6 24. Nd6+ Kf8 25. Qe5 1-0

[Event "Deltalift op"]
[Site "Tylosand"]
[Date "2012.05.17"]
[Round "4"]
[White "Ostling, Hakan"]
[Black "Berg, Emanuel"]
[Result "0-1"]
[WhiteElo "2194"]
[BlackElo "2587"]
[PlyCount "80"]
[EventDate "2012.05.17"]
[EventType "swiss"]
[EventRounds "8"]
[EventCountry "SWE"]
[SourceTitle "CBM 148 Extra"]
[Source "ChessBase"]
[SourceDate "2012.06.22"]
[SourceVersion "1"]
[SourceVersionDate "2012.06.22"]
[SourceQuality "1"]

1. f4 Nf6 2. Nf3 g6 3. g3 Bg7 4. Bg2 d6 5. d3 0-0 6. 0-0 e5 7. Nc3 Nc6 8. e4 exf4 9. Bxf4 h6 10. Kh1 Ng4 11. h3 Nge5 12. Nxe5 Nxe5 13. Qd2 g5 14. Be3 Be6 15. Ne2 Qd7 16. Kh2 d5 17. exd5 Bxd5 18. Nc3 Bxg2 19. Qxg2 c6 20. g4 f5 21. Rxf5 Rxf5 22. gxf5 Rf8 23. Rf1 Rxf5 24. Ne4 g4 25. Rxf5 Qxf5 26. Ng3 Qe6 27. Bxa7 Nf3+ 28. Kh1 Qxa2 29. hxg4 Nh4 30. Qf2 Qxb2 31. Be3 Qa1+ 32. Kh2 Qd1 33. Kh3 Nf3 34. Qe2 Qxe2 35. Nxe2 Ne1 36. Nd4 Bxd4 37. Bxd4 Nxc2 38. Bc3 b5 39. Kh4 b4 40. Be5 Ne1 0-1

[Event "SWE-chT2 1112"]
[Site "Sweden"]
[Date "2012.03.11"]
[Round "9"]
[White "Ostling, Hakan"]
[Black "Glimbrant, Torbjorn"]
[Result "0-1"]
[WhiteElo "2159"]
[BlackElo "2250"]
[PlyCount "156"]
[EventDate "2011.10.22"]
[EventType "team-tourn"]
[EventRounds "9"]
[EventCountry "SWE"]
[SourceTitle "EXT 2013"]
[Source "ChessBase"]
[SourceDate "2012.11.22"]
[SourceVersion "1"]
[SourceVersionDate "2012.11.22"]
[SourceQuality "1"]
[WhiteTeam "Rodeby"]
[BlackTeam "Upsala"]
[WhiteTeamCountry "SWE"]
[BlackTeamCountry "SWE"]

1. d4 e6 2. Bf4 c5 3. c3 Nf6 4. e3 Nc6 5. Nd2 d5 6. Bd3 Bd6 7. dxc5 Bxc5 8. Ngf3 a6 9. 0-0 0-0 10. e4 h6 11. Ne5 Nxe5 12. Bxe5 b5 13. Qe2 Bb7 14. Bxf6 Qxf6 15. e5 Qe7 16. Nb3 Bb6 17. a3 f6 18. Nd4 Bc7 19. f4 fxe5 20. fxe5 Bb6 21. Qg4 Rxf1+ 22. Rxf1 Rf8 23. Qg6 Rxf1+ 24. Kxf1 Qf7+ 25. Ke2 Qxg6 26. Bxg6 Bc7 27. Nf3 Kf8 28. Ke3 Ke7 29. Kf4 Bc6 30. Nd4 Bd7 31. h4 Bb6 32. Bd3 Be8 33. g4 Bd7 34. Nc2 Bf2 35. h5 Bh4 36. Ke3 Bg5+ 37. Kd4 Bc1 38. b3 Bc8 39. a4 bxa4 40. bxa4 Kd7 41. Nb4 a5 42. Bb5+ Kc7 43. Nc6 Kb6 44. Ne7 Kc7 45. Nc6 Kb6 46. Ne7 Kc7 47. Ng6 Bg5 48. c4 dxc4 49. Bxc4 Kd7 50. Kc5 Kc7 51. Kd4 Kd7 52. Bb5+ Kd8 53. Kc5 Kc7 54. Be8 Ba6 55. Kd4 Be2 56. Nf8 Kd8 57. Bb5 Bxg4 58. Bc4 Ke7 59. Ng6+ Kf7 60. Nh8+ Ke8 61. Kc5 Be7+ 62. Kb5 Bb4 63. Ng6 Bxh5 64. Nf4 Bf7 65. Nxe6 Bxe6 66. Bxe6 g5 67. Bg4 Kf7 68. Kc6 Kg6 69. Kd5 h5 70. Bd7 g4 71. Ke4 Kg5 72. Ke3 Bc5+ 73. Ke2 Kf4 74. e6 h4 75. Kf1 h3 76. Bc6 Kg3 77. e7 Bxe7 78. Kg1 Kh4 0-1

[Event "Rilton Cup 40th"]
[Site "Stockholm"]
[Date "2010.12.28"]
[Round "2"]
[White "Urkedal, Frode Olav Olsen"]
[Black "Ostling, Hakan"]
[Result "1-0"]
[WhiteElo "2438"]
[BlackElo "2207"]
[PlyCount "87"]
[EventDate "2010.12.27"]
[EventType "swiss"]
[EventRounds "9"]
[EventCountry "SWE"]
[SourceTitle "CBM 140 Extra"]
[Source "ChessBase"]
[SourceDate "2011.03.01"]
[SourceVersion "1"]
[SourceVersionDate "2011.03.01"]
[SourceQuality "1"]

1. d4 g6 2. Nf3 Bg7 3. e4 d6 4. Bc4 Nf6 5. Qe2 0-0 6. e5 dxe5 7. dxe5 Nd5 8. 0-0 c6 9. Rd1 Bg4 10. Nbd2 Nd7 11. h3 Be6 12. Nb3 Qc7 13. Nbd4 Nxe5 14. Nxe5 Qxe5 15. Qxe5 Bxe5 16. Nxe6 fxe6 17. c3 Bd6 18. Bh6 Rf5 19. Bd3 Rf7 20. g3 Bc5 21. Rd2 e5 22. Kg2 b5 23. Re1 Bd6 24. Bxb5 cxb5 25. Rxd5 a6 26. Re4 Rc8 27. a4 Bc5 28. Rd2 bxa4 29. Rxa4 Rf6 30. Re4 Bd6 31. Rd5 Kf7 32. Ra5 Rc6 33. Bg5 Re6 34. Rd5 Rb6 35. b4 Rc6 36. Bd2 Bc7 37. Be1 Kf6 38. c4 Rcd6 39. Bc3 Rxd5 40. cxd5 Rb6 41. f4 Kf5 42. Kf3 exf4 43. g4+ Kg5 44. Rxe7 1-0

[Event "Mediterranean op-A 4th"]
[Site "Rijeka"]
[Date "2010.11.18"]
[Round "7"]
[White "Ostling, Hakan"]
[Black "Doric, Nenad"]
[Result "0-1"]
[WhiteElo "2207"]
[BlackElo "2320"]
[PlyCount "74"]
[EventDate "2010.11.12"]
[EventType "swiss"]
[EventRounds "9"]
[EventCountry "CRO"]
[SourceTitle "EXT 2011"]
[Source "ChessBase"]
[SourceDate "2010.11.26"]
[SourceVersion "1"]
[SourceVersionDate "2010.11.26"]
[SourceQuality "1"]

1. f4 g6 2. Nf3 d5 3. g3 c6 4. Bg2 Qb6 5. e3 Bg7 6. Nc3 Nh6 7. b3 Nf5 8. d4 Qa5 9. Qd2 Nd7 10. 0-0 0-0 11. Re1 Qb6 12. Bb2 Nf6 13. Ne5 Nd6 14. Na4 Qc7 15. c4 Bf5 16. cxd5 cxd5 17. Rac1 Qd8 18. Ba3 Nfe4 19. Qe2 f6 20. Nd3 Re8 21. g4 Bd7 22. Bxd6 exd6 23. Nb4 Qa5 24. Nxd5 Bxa4 25. Bxe4 Rxe4 26. Nc3 Bc6 27. d5 Re7 28. dxc6 bxc6 29. Qc4+ d5 30. Qxc6 Rd8 31. b4 Qa3 32. Nxd5 Red7 33. Qe6+ Kh8 34. Rc5 Qxa2 35. e4 f5 36. gxf5 Bd4+ 37. Kh1 Qf2 0-1

[Event "Mediterranean op-A 4th"]
[Site "Rijeka"]
[Date "2010.11.15"]
[Round "4"]
[White "Andersen, Alf Roger"]
[Black "Ostling, Hakan"]
[Result "1-0"]
[WhiteElo "2220"]
[BlackElo "2207"]
[PlyCount "119"]
[EventDate "2010.11.12"]
[EventType "swiss"]
[EventRounds "9"]
[EventCountry "CRO"]
[SourceTitle "EXT 2011"]
[Source "ChessBase"]
[SourceDate "2010.11.26"]
[SourceVersion "1"]
[SourceVersionDate "2010.11.26"]
[SourceQuality "1"]

1. e4 g6 2. d4 Bg7 3. Nc3 c6 4. Nf3 d5 5. e5 Bg4 6. Be2 Qb6 7. 0-0 Nd7 8. h3 Bxf3 9. Bxf3 e6 10. b3 Ne7 11. Na4 Qc7 12. Ba3 Nf5 13. Re1 b5 14. Nc3 b4 15. Bxb4 Qb6 16. Bc5 Nxc5 17. dxc5 Qxc5 18. Na4 Qe7 19. Bg4 0-0 20. Bxf5 gxf5 21. Qd4 f6 22. Qc5 Qc7 23. exf6 Rxf6 24. Rad1 Rg6 25. c4 Bf8 26. Qe3 Qg7 27. Qf3 Kh8 28. Re2 Bd6 29. Kh1 Rg8 30. Rg1 Rh6 31. c5 Bb8 32. Nb2 Qc7 33. Qc3+ Rg7 34. g3 Rxh3+ 35. Kg2 Rh6 36. Nd3 f4 37. Nxf4 e5 38. Rge1 e4 39. Rh1 Rxh1 40. Kxh1 Qd7 41. Qf6 Qe8 42. Ne6 Qe7 43. Qxg7+ Qxg7 44. Nxg7 Kxg7 45. Kg2 Kf6 46. f3 Ke5 47. fxe4 dxe4 48. Rd2 Ke6 49. Rd8 Be5 50. Ra8 e3 51. Kf3 e2 52. Kxe2 Bxg3 53. Rxa7 Kd5 54. Rxh7 Kxc5 55. Kd3 Kb6 56. Kc4 Bd6 57. b4 Be5 58. Rh6 Kb7 59. Kc5 Bg7 60. Rh7 1-0

[Event "SWE-chT2 0910"]
[Site "Sweden"]
[Date "2010.03.12"]
[Round "7"]
[White "Nygren, Kim"]
[Black "Ostling, Hakan"]
[Result "1-0"]
[WhiteElo "2263"]
[BlackElo "2142"]
[PlyCount "63"]
[EventDate "2009.10.24"]
[EventType "team"]
[EventRounds "9"]
[EventCountry "SWE"]
[SourceTitle "EXT 2011"]
[Source "ChessBase"]
[SourceDate "2010.11.26"]
[SourceVersion "1"]
[SourceVersionDate "2010.11.26"]
[SourceQuality "1"]
[WhiteTeam "Orebro"]
[BlackTeam "Rodeby"]
[WhiteTeamCountry "SWE"]
[BlackTeamCountry "SWE"]

1. e4 g6 2. d4 Bg7 3. Nc3 d6 4. Bc4 Nf6 5. Bb3 0-0 6. Bg5 Nc6 7. f4 Na5 8. Qe2 c6 9. Nf3 Bg4 10. 0-0 Nh5 11. Qe3 Nxb3 12. axb3 Bxf3 13. Rxf3 Qb6 14. Rd1 Nf6 15. Bxf6 Bxf6 16. e5 Bg7 17. Ne4 dxe5 18. fxe5 Rad8 19. Nc5 e6 20. Rd3 Qc7 21. Ne4 Rfe8 22. Rh3 Qe7 23. Qf4 Rd5 24. c4 Rd7 25. Nf6+ Bxf6 26. exf6 Qb4 27. Rd2 Qf8 28. Rdd3 Qb4 29. Kf2 Qa5 30. Rxh7 Kxh7 31. Rh3+ Kg8 32. Rh8+ 1-0

[Event "SWE-chT2 0910"]
[Site "Sweden"]
[Date "2009.10.24"]
[Round "1"]
[White "Ostling, Hakan"]
[Black "Ziegler, Ari"]
[Result "0-1"]
[WhiteElo "2142"]
[BlackElo "2338"]
[PlyCount "75"]
[EventDate "2009.10.24"]
[EventType "team"]
[EventRounds "9"]
[EventCountry "SWE"]
[SourceTitle "EXT 2011"]
[Source "ChessBase"]
[SourceDate "2010.11.26"]
[SourceVersion "1"]
[SourceVersionDate "2010.11.26"]
[SourceQuality "1"]
[WhiteTeam "Rodeby"]
[BlackTeam "Orgryte"]
[WhiteTeamCountry "SWE"]
[BlackTeamCountry "SWE"]

1. f4 g6 2. Nf3 Bg7 3. g3 d6 4. Bg2 c5 5. d3 Nc6 6. 0-0 e6 7. c3 Nge7 8. e4 0-0 9. Be3 b5 10. Nbd2 b4 11. Qc2 Ba6 12. Rfd1 bxc3 13. bxc3 Qa5 14. Rac1 Rfd8 15. Bf2 Rab8 16. e5 Qa3 17. Nb3 Nd5 18. Nfd2 dxe5 19. Bxc5 Qa4 20. fxe5 Nxe5 21. c4 Nb4 22. Bxb4 Qxb4 23. d4 Ng4 24. Qe4 Nf6 25. Qh4 Rbc8 26. Rf1 Nd7 27. Ne4 h6 28. Qf4 Rf8 29. h4 Rxc4 30. Rxc4 Bxc4 31. Rd1 Bxb3 32. axb3 Qxb3 33. Nf2 Nf6 34. Qc7 Ng4 35. Rd3 Qb1+ 36. Rd1 Qf5 37. Nxg4 Qxg4 38. Ra1 0-1

[Event "Reykjavik op"]
[Site "Reykjavik"]
[Date "2009.04.01"]
[Round "9"]
[White "Ostling, Hakan"]
[Black "Ptacnikova, Lenka"]
[Result "0-1"]
[WhiteElo "2151"]
[BlackElo "2249"]
[PlyCount "146"]
[EventDate "2009.03.24"]
[EventType "swiss"]
[EventRounds "9"]
[EventCountry "ISL"]
[SourceTitle "CBM 129 Extra"]
[Source "ChessBase"]
[SourceDate "2009.05.05"]
[SourceVersion "2"]
[SourceVersionDate "2009.05.20"]
[SourceQuality "1"]

1. f4 d5 2. Nf3 Nf6 3. e3 g6 4. b4 Bg4 5. Bb2 Bg7 6. Be2 0-0 7. 0-0 c6 8. a4 Nbd7 9. Na3 a5 10. b5 c5 11. c4 Nb6 12. h3 Bf5 13. g4 Be6 14. Ng5 Bc8 15. cxd5 Nbxd5 16. Nc4 h6 17. Nf3 Ne4 18. Bxg7 Kxg7 19. Kg2 b6 20. Qc2 Nd6 21. Nfe5 Bb7 22. Bf3 Qc7 23. Rac1 Rad8 24. Rfd1 Nb4 25. Qb1 Bxf3+ 26. Nxf3 Nxc4 27. Rxc4 Nd3 28. Qa1+ Kg8 29. Ne5 Nxe5 30. Qxe5 Qxe5 31. fxe5 Rd3 32. Kf2 Rfd8 33. Ke2 g5 34. Re4 Kf8 35. Rc4 Ke8 36. Re4 R8d5 37. e6 f6 38. Ke1 Kd8 39. Ke2 Kc7 40. Ke1 Kc8 41. Ke2 Kd8 42. Rc4 Kc7 43. Re4 Kd6 44. Ke1 Re5 45. Rxe5 Kxe5 46. Ke2 Rd6 47. d3 Kxe6 48. Rh1 Kf7 49. Rd1 Kg6 50. Kf3 h5 51. Ke4 hxg4 52. hxg4 Rd8 53. Rc1 e5 54. Rh1 Kg7 55. Rh2 Rd6 56. Rh1 Rd7 57. Rh2 Rd8 58. Rh1 Kg8 59. Rh6 Kg7 60. Rh1 Rc8 61. Kd5 c4 62. dxc4 Rc5+ 63. Ke6 Rxc4 64. Rd1 Rxg4 65. Rd6 Kg6 66. Rxb6 Rxa4 67. Ke7 Kf5 68. Rxf6+ Ke4 69. Kd6 Rb4 70. Kc5 g4 71. Ra6 g3 72. Rxa5 Rb1 73. Ra2 Kf3 0-1

[Event "Reykjavik op"]
[Site "Reykjavik"]
[Date "2009.03.25"]
[Round "2"]
[White "Finnbogadottir, Tinna Kristin"]
[Black "Ostling, Hakan"]
[Result "0-1"]
[WhiteElo "1660"]
[BlackElo "2151"]
[PlyCount "126"]
[EventDate "2009.03.24"]
[EventType "swiss"]
[EventRounds "9"]
[EventCountry "ISL"]
[SourceTitle "CBM 129 Extra"]
[Source "ChessBase"]
[SourceDate "2009.05.05"]
[SourceVersion "2"]
[SourceVersionDate "2009.05.20"]
[SourceQuality "1"]

1. e4 g6 2. d4 Bg7 3. Nf3 d6 4. Bc4 e6 5. 0-0 Ne7 6. c3 Nd7 7. Be3 0-0 8. Qd2 Nf6 9. e5 dxe5 10. Nxe5 Nf5 11. Bg5 Ne4 12. Bxd8 Nxd2 13. Nxd2 Rxd8 14. Ndf3 b6 15. Rad1 Bb7 16. Bb5 Ne7 17. Rfe1 Rac8 18. Bc4 Nd5 19. Bb3 Re8 20. c4 Ne7 21. c5 Bd5 22. Bxd5 exd5 23. c6 f6 24. Nd3 Nxc6 25. Rxe8+ Rxe8 26. Rc1 Re6 27. Nf4 Rd6 28. Nxd5 Nxd4 29. Nxd4 Rxd5 30. Nc6 Rd2 31. Nxa7 Rxb2 32. g4 c5 33. Nc8 f5 34. gxf5 gxf5 35. Ne7+ Kf8 36. Nxf5 Rxa2 37. Nxg7 Kxg7 38. Rb1 Ra6 39. Kf1 Kf6 40. Ke2 Ke5 41. Ke3 Kd5 42. Kd3 Ra3+ 43. Ke2 Ra2+ 44. Ke3 Kc6 45. h4 b5 46. f4 Rh2 47. f5 Rxh4 48. f6 Ra4 49. f7 Ra8 50. Rh1 b4 51. Kd3 Kb5 52. Rxh7 c4+ 53. Kd4 Rd8+ 54. Ke5 c3 55. Ke6 c2 56. Rh1 b3 57. Ke7 Ra8 58. Ra1 Rb8 59. Ra3 Kb4 60. Ra6 Rb7+ 61. Ke6 Rxf7 62. Rb6+ Ka3 63. Kxf7 c1Q 0-1

[Event "SWE-chT2 0809"]
[Site "Sweden"]
[Date "2009.03.14"]
[Round "8"]
[White "Nygren, David"]
[Black "Ostling, Hakan"]
[Result "0-1"]
[WhiteElo "2245"]
[BlackElo "2216"]
[PlyCount "160"]
[EventDate "2008.10.25"]
[EventType "team-tourn"]
[EventRounds "9"]
[EventCountry "SWE"]
[SourceTitle "EXT 2011"]
[Source "ChessBase"]
[SourceDate "2010.11.26"]
[SourceVersion "1"]
[SourceVersionDate "2010.11.26"]
[SourceQuality "1"]

1. e4 g6 2. d4 d6 3. Nf3 Bg7 4. c3 Nc6 5. h3 e5 6. dxe5 Nxe5 7. Nxe5 Bxe5 8. Bd3 Bg7 9. 0-0 Ne7 10. Be3 0-0 11. Nd2 Be6 12. Nf3 h6 13. Nd4 Bd7 14. f4 c5 15. Ne2 Qc8 16. Bc2 d5 17. exd5 Nf5 18. Bf2 Re8 19. Qd2 Qc7 20. Rfe1 Nd6 21. Rad1 Rad8 22. Bh4 Rb8 23. b3 b5 24. Bg3 f5 25. Nc1 Qa5 26. b4 Qc7 27. Nb3 cxb4 28. Rxe8+ Rxe8 29. cxb4 Bc3 30. Qf2 Bxb4 31. Bd3 Ne4 32. Bxe4 Rxe4 33. d6 Bxd6 34. Qd2 Re6 35. Rc1 Qb8 36. Qd5 Kh7 37. Nd4 Re7 38. Bh4 Rg7 39. Bf6 Qb6 40. Bxg7 Kxg7 41. Kh1 h5 42. Nf3 Be8 43. Ne5 Qe3 44. Rc8 Qe1+ 45. Kh2 h4 46. Qd4 Qg3+ 47. Kh1 Qe1+ 48. Qg1 Qxg1+ 49. Kxg1 Bf7 50. Rc6 Bxe5 51. fxe5 Bxa2 52. Rc7+ Kh6 53. Rxa7 Bc4 54. Kf2 Kg5 55. Ke3 Bd5 56. Kd4 Bxg2 57. Rf7 Bxh3 58. e6 f4 59. e7 Bd7 60. Ke5 b4 61. Rxf4 h3 62. Rxb4 h2 63. Rb1 Kg4 64. Kf6 Be8 65. Kg7 g5 66. Kf8 Bh5 67. Rb4+ Kh3 68. Rb3+ Kh4 69. Rb1 g4 70. Rb5 Bg6 71. Rb6 h1Q 72. Rxg6 Qf3+ 73. Kg7 Qe4 74. Kf7 Qd5+ 75. Kf8 Qf5+ 76. Kg7 Qd7 77. Kf7 Kh5 78. Rf6 Kg5 79. Rf1 Qd5+ 80. Kf8 Qc5 0-1

[Event "SWE-chT2 0809"]
[Site "Sweden"]
[Date "2009.02.07"]
[Round "5"]
[White "Andersson, Johan"]
[Black "Ostling, Hakan"]
[Result "1-0"]
[WhiteElo "2127"]
[BlackElo "2216"]
[PlyCount "81"]
[EventDate "2008.10.25"]
[EventType "team-tourn"]
[EventRounds "9"]
[EventCountry "SWE"]
[SourceTitle "EXT 2011"]
[Source "ChessBase"]
[SourceDate "2010.11.26"]
[SourceVersion "1"]
[SourceVersionDate "2010.11.26"]
[SourceQuality "1"]

1. e4 g6 2. d4 Bg7 3. Nc3 d6 4. f4 a6 5. Nf3 b5 6. Bd3 Nd7 7. e5 c5 8. Be4 Rb8 9. 0-0 cxd4 10. Nxd4 dxe5 11. Nc6 Qb6+ 12. Kh1 Ngf6 13. Nxb8 Qxb8 14. fxe5 Nxe5 15. Bf4 Nxe4 16. Nxe4 Qb6 17. Qe2 0-0 18. Rae1 Ng4 19. h3 Nh6 20. Ng3 Be6 21. Qd2 Rd8 22. Qc1 Nf5 23. Nxf5 Bxf5 24. Rxe7 Qc5 25. Rfe1 Be6 26. Rc7 Qd5 27. Kh2 Bd4 28. Rd1 Qe4 29. Rc3 Bd5 30. Rg3 Bf2 31. Rf3 Bd4 32. Re1 Qf5 33. Rff1 Rc8 34. c3 Bf6 35. Qe3 Qd7 36. Bh6 Bg7 37. Bxg7 Kxg7 38. Qd4+ Kg8 39. Re5 Rd8 40. Rd1 Qc7 41. Kg1 1-0

[Event "SWE-chT2 0809"]
[Site "Sweden"]
[Date "2008.10.26"]
[Round "2"]
[White "Ostling, Hakan"]
[Black "Nordstrom, Felix"]
[Result "1-0"]
[WhiteElo "2216"]
[BlackElo "2209"]
[PlyCount "135"]
[EventDate "2008.10.25"]
[EventType "team-tourn"]
[EventRounds "9"]
[EventCountry "SWE"]
[SourceTitle "EXT 2011"]
[Source "ChessBase"]
[SourceDate "2010.11.26"]
[SourceVersion "1"]
[SourceVersionDate "2010.11.26"]
[SourceQuality "1"]

1. g3 d5 2. Bg2 g6 3. c4 c6 4. cxd5 cxd5 5. Qb3 Nf6 6. Nc3 e6 7. d3 Nc6 8. Nf3 Bg7 9. Qa3 Bf8 10. Qb3 Bg7 11. Qa3 Bf8 12. Qa4 Bd7 13. 0-0 Bg7 14. Bg5 h6 15. Be3 0-0 16. Qh4 Nh7 17. Qxd8 Rfxd8 18. d4 Nf6 19. Rfd1 Ne8 20. h4 Nd6 21. Bf4 Be8 22. Rac1 Rac8 23. Bxd6 Rxd6 24. Nb5 Rdd8 25. e3 Bf8 26. Bf1 a6 27. Nc3 Na5 28. Ne5 f6 29. Nd3 Kf7 30. Bh3 g5 31. Nc5 Bxc5 32. dxc5 Nc4 33. b3 Ne5 34. f4 Nc6 35. f5 Bd7 36. Na4 exf5 37. Nb6 Rc7 38. Nxd5 Rcc8 39. Nb6 Rc7 40. Nxd7 Rcxd7 41. Rxd7+ Rxd7 42. Bxf5 Re7 43. Kf2 a5 44. Rc4 Rc7 45. a3 Ne7 46. Be4 f5 47. Bg2 Ke6 48. b4 axb4 49. Rxb4 Rxc5 50. Rxb7 Rc2+ 51. Kg1 Rc3 52. Rb6+ Ke5 53. Rxh6 Rxe3 54. Kf2 Rxa3 55. hxg5 Ra2+ 56. Kg1 Ra3 57. Kh2 f4 58. gxf4+ Kxf4 59. Re6 Nf5 60. g6 Ra7 61. Rf6 Kg5 62. Rf7 Ra6 63. Be4 Nh6 64. g7 Re6 65. Bd5 Re8 66. Rf8 Re7 67. g8Q+ Nxg8 68. Rxg8+ 1-0

[Event "Rilton Cup 36th"]
[Site "Stockholm"]
[Date "2006.12.29"]
[Round "3"]
[White "Ostling, Hakan"]
[Black "Koskela, Niina"]
[Result "0-1"]
[WhiteElo "2138"]
[BlackElo "2259"]
[PlyCount "60"]
[EventDate "2006.12.27"]
[EventType "swiss"]
[EventRounds "9"]
[EventCountry "SWE"]
[SourceTitle "CBM 116 Extra"]
[Source "ChessBase"]
[SourceDate "2007.03.07"]
[SourceVersion "1"]
[SourceVersionDate "2007.03.07"]
[SourceQuality "1"]

1. d4 Nf6 2. Nf3 e6 3. Bf4 b6 4. Nbd2 Bb7 5. e3 Be7 6. Bd3 c5 7. 0-0 Nc6 8. c3 Nh5 9. dxc5 bxc5 10. Re1 d6 11. Qc2 g5 12. g4 gxf4 13. gxh5 fxe3 14. Rxe3 d5 15. Qa4 Qc7 16. b4 c4 17. Bf1 0-0-0 18. Bg2 Bf6 19. b5 Qa5 20. Qxa5 Nxa5 21. Ne5 Bg5 22. Nxf7 Bxe3 23. fxe3 Rdg8 24. Nxh8 d4 25. e4 dxc3 26. Nf3 Bxe4 27. Ne1 Nb3 28. axb3 cxb3 29. Rc1 Rxg2+ 30. Nxg2 c2 0-1